Statistics for Top 25 Biggest Cities in Bosnia and Herzegovina

Click here to take the quiz!

General Stats

  • This quiz has been taken 12 times
  • The average score is 9 of 25

Answer Stats

RankAnswer% Correct
1Sarajevo
100%
6Mostar
90%
2Banja Luka
80%
3Tuzla
80%
4Zenica
80%
14Bihać
50%
8Brčko
50%
15Travnik
50%
5Bijeljina
40%
9
Doboj
40%
7Prijedor
40%
11Cazin
30%
20Sanski Most
30%
12Zvornik
30%
23Srebrenik
20%
21Velika Kladuša
20%
22Visoko
20%
13Živinice
20%
17Gračanica
10%
24Gradačac
10%
16Gradiška
10%
10Ilidža
10%
18Lukavac
10%
19Tešanj
0%
25Teslić
0%

Score Distribution

Percentile by Number Answered

Percent of People with Each Score

Your Score History

You have not taken this quiz